| 000 | 00369nam a22001457a 4500 | ||
|---|---|---|---|
| 020 | _a9789332550162 | ||
| 040 | _cNUST | ||
| 082 | _a629.83 OGA | ||
| 100 | _aOgata, Katsuhiko | ||
| 245 | _aModern Control Engineering | ||
| 250 | _a5th Edition | ||
| 260 |
_aIndia: _bPearson, _c2015. |
||
| 650 |
_aDME TEXTBOOK, MODERN CONTROL ENGINEERING _991987 |
||
| 942 |
_2ddc _cTEXT |
||
| 999 |
_c590109 _d590109 |
||